| 000 | 00000nam##2200000za#4500 |
| 001 | 9.691103 |
| 003 | CaOODSP |
| 005 | 20210624232625 |
| 007 | cr ||||||||||| |
| 008 | 150407|2007||||xxc|||||o f|0| 0 eng|d |
| 040 | |aCaOODSP|beng |
| 043 | |an-cn--- |
| 086 | 1 |aNH15-433/2007E-PDF |
| 110 | 2 |aCanada Mortgage and Housing Corporation. |
| 245 | 10|aFire prevention in aboriginal communities / |h[electronic resource]|cPrepared by InterINDigital Entertainment Inc., with the assistance of gordongroup |
| 260 | |aOttawa - Ontario : |bCanada Mortgage and Housing Corporation |cc2007. |
| 300 | |a56p.|bgraphs, map, tables, photographs |
| 500 | |aThe ISBN (978-0-662-46729-8) and Cat. No. (NH15-433/2007E) of the print edition have been incorrectly copied in the PDF edition. |
| 520 | 3 |aContains case studies, techniques and tools to help volunteer firefighters and housing managers improve fire prevention practices in Aboriginal communities. |
| 590 | |a08-22|b2008-05-30 |
| 690 | 07|aFire prevention|2gcpds |
| 690 | 07|aIndigenous peoples|2gcpds |
| 775 | 08|tManuel sur la prévention des incendies dans les collectivités autochtones / |w(CaOODSP)9.635438 |
| 776 | 0#|tFire prevention in aboriginal communities / |w(CaOODSP)9.650882 |
| 856 | 40|ahttp://publications.gc.ca|qPDF|s2.02 MB|uhttps://publications.gc.ca/collections/collection_2008/cmhc-schl/NH15-433-2007E.pdf |